[Event "Standard for Masternorm (1800+)"]
[Site "SchemingMind.com"]
[Date "2019.01.22"]
[Round "-"]
[White "Archon"]
[Black "David Perna-Fraser"]
[Result "0-1"]
[WhiteCountry "CAN"]
[BlackCountry "CAN"]
[WhiteElo "1862"]
[WhiteRD "72"]
[BlackElo "2117"]
[BlackRD "82"]
[GameID "437273"]

1. Nf3 Nf6 2. c4 e6 3. g3 d5 4. Bg2 c6 5. O-O Bd6 6. d4 O-O 7. Nc3 Qc7 8. Qc2 dxc4 9. e4 e5 10. dxe5 Bxe5
11. Nxe5 Qxe5 12. Qe2 b5 13. Bf4 Qe6 14. Bg5 Nbd7 15. f4 Nc5 16. Bxf6 Qxf6 17. e5 Qg6 18. e6 Bxe6 19. Bxc6 Bg4 20. Bf3 Rae8
21. Qf2 Nd3 22. Qg2 Qb6+ 23. Kh1 Bxf3 24. Qxf3 Nxb2 25. Rab1 Re3 26. Qd5 Rxc3 27. Rxb2 a6 28. Rff2 h5 29. Qxh5 Qc6+ 30. Kg1 Rc1+
31. Rf1 Rxf1+ 32. Kxf1 g6 33. Qh3 Qf3+
0-1

[Event "Standard for Masternorm (1800+)"]
[Site "SchemingMind.com"]
[Date "2019.01.22"]
[Round "-"]
[White "David Perna-Fraser"]
[Black "Archon"]
[Result "1-0"]
[WhiteCountry "CAN"]
[BlackCountry "CAN"]
[WhiteElo "2085"]
[WhiteRD "82"]
[BlackElo "1817"]
[BlackRD "71"]
[GameID "437274"]

1. e4 d6 2. d4 Nf6 3. Nc3 g6 4. Bd3 Bg7 5. Bd2 Nc6 6. Nf3 Bg4 7. Bb5 O-O 8. Bxc6 bxc6 9. h3 Bxf3 10. Qxf3 Rb8
11. O-O-O Nd7 12. h4 h6 13. h5 g5 14. Qg3 e5 15. d5 cxd5 16. Nxd5 Nc5 17. Qg4 c6 18. Ne3 d5 19. exd5 Rxb2 20. Kxb2 e4+
21. Kc1 Nd3+ 22. cxd3 Qf6 23. Rdf1 Qa1+ 24. Kc2 Qxa2+ 25. Kd1 f5 26. Nxf5 Qb1+ 27. Ke2 Qxd3+ 28. Ke1 Bc3 29. Nxh6+ Kh8 30. Qe2 Bxd2+
31. Qxd2 Qb1+ 32. Ke2 Qb5+ 33. Kd1 Qa4+ 34. Qc2 Qa1+ 35. Ke2 Qa6+ 36. Kd2 e3+ 37. fxe3
1-0

[Event "Standard for Masternorm (1800+)"]
[Site "SchemingMind.com"]
[Date "2019.01.18"]
[Round "-"]
[White "Archon"]
[Black "Torclyn"]
[Result "0-1"]
[WhiteCountry "CAN"]
[BlackCountry "GER"]
[WhiteElo "1817"]
[WhiteRD "71"]
[BlackElo "2241"]
[BlackRD "119"]
[GameID "437275"]

1. Nf3 d5 2. e3 Nf6 3. c4 e6 4. b3 c5 5. Bb2 Nc6 6. cxd5 exd5 7. Bb5 Bd6 8. O-O O-O 9. d4 cxd4 10. Nxd4 Bd7
11. Nd2 a6 12. Bd3 Qe7 13. Bf5 Nxd4 14. Bxd7 Qe5 15. g3 Ne2+ 16. Qxe2 Qxb2 17. Bf5 Bb4 18. Rfd1 Ne4 19. Bxe4 dxe4 20. Kf1 Rfe8
21. Nc4 Qf6 22. a3 Bf8 23. b4 b5 24. Nd2 Qe6 25. Nb1 Rad8 26. Nc3 Rxd1+ 27. Rxd1 Qb3 28. Nb1 Rc8
0-1

[Event "Standard for Masternorm (1800+)"]
[Site "SchemingMind.com"]
[Date "2019.01.18"]
[Round "-"]
[White "Torclyn"]
[Black "Archon"]
[Result "1-0"]
[WhiteCountry "GER"]
[BlackCountry "CAN"]
[WhiteElo "2231"]
[WhiteRD "140"]
[BlackElo "1862"]
[BlackRD "72"]
[GameID "437276"]

1. e4 d6 2. d4 Nf6 3. Nc3 g6 4. Bg5 Bg7 5. Qd2 h6 6. Bf4 a6 7. O-O-O Nc6 8. h4 b5 9. f3 Nh5 10. Bh2 e5
11. dxe5 dxe5 12. Qf2 Nd4 13. Nge2 c5 14. g4 Nf4 15. Nxf4 exf4 16. Bxf4 Qa5 17. Kb1 Be6 18. Nd5 O-O 19. Bc7 Qa4 20. Nc3
1-0

[Event "Standard for Masternorm (1800+)"]
[Site "SchemingMind.com"]
[Date "2019.01.22"]
[Round "-"]
[White "Archon"]
[Black "flyinduck"]
[Result "0-1"]
[WhiteCountry "CAN"]
[BlackCountry "CAN"]
[WhiteElo "1891"]
[WhiteRD "75"]
[BlackElo "2049"]
[BlackRD "60"]
[GameID "437277"]

1. Nf3 d5 2. e3 Nf6 3. c4 e6 4. b3 Be7 5. Bb2 O-O 6. Be2 b6 7. O-O c5 8. cxd5 Nxd5 9. d4 Bb7 10. dxc5 Bxc5
11. Nbd2 Nc6 12. Ne4 Be7 13. Qb1 h6 14. a3 f5 15. Ned2 Bf6 16. Rc1 Rc8 17. Ra2 Qe7 18. Bxf6 Qxf6 19. Qb2 Nce7 20. Rxc8 Rxc8
21. Qxf6 Rc1+ 22. Bf1 gxf6 23. g3 e5 24. Kg2 f4 25. exf4 Nc3 26. Rb2 e4 27. Nd4 e3+ 28. N2f3 Nd1 29. Ra2 exf2 30. Be2 f1=Q+
31. Bxf1 Ne3+ 32. Kf2 Nxf1
0-1

[Event "Standard for Masternorm (1800+)"]
[Site "SchemingMind.com"]
[Date "2019.01.22"]
[Round "-"]
[White "flyinduck"]
[Black "Archon"]
[Result "1/2-1/2"]
[WhiteCountry "CAN"]
[BlackCountry "CAN"]
[WhiteElo "1997"]
[WhiteRD "58"]
[BlackElo "1862"]
[BlackRD "72"]
[GameID "437278"]

1. e4 d6 2. d4 Nf6 3. Nc3 g6 4. Be3 Bg7 5. Nf3 O-O 6. Qd2 c6 7. O-O-O b5 8. Bh6 b4 9. Bxg7 bxc3 10. Qh6 Ng4
11. Bxf8 cxb2+ 12. Kb1 Nxh6 13. Bxh6 Ba6 14. h4 Qa5 15. h5 Bxf1 16. Rdxf1 Na6 17. Bd2 Qa4 18. hxg6 hxg6 19. Rh3 f6 20. Rfh1 Rf8
21. Rh7 Nb4 22. Bxb4 Qxb4 23. Rxe7 Rf7 24. Re8+ Rf8 25. Re7=
1/2-1/2

[Event "Standard for Masternorm (1800+)"]
[Site "SchemingMind.com"]
[Date "2019.01.22"]
[Round "-"]
[White "Archon"]
[Black "willyboy"]
[Result "1-0"]
[WhiteCountry "CAN"]
[BlackCountry "AUT"]
[WhiteElo "1894"]
[WhiteRD "73"]
[BlackElo "1924"]
[BlackRD "66"]
[GameID "437279"]

1. Nf3 c5 2. g3 g6 3. Bg2 Bg7 4. O-O Nc6 5. c4 e6 6. Nc3 Nge7 7. d3 d5 8. cxd5 exd5 9. Bg5 O-O 10. Qd2 f6
11. Bh6 Bxh6 12. Qxh6 Bg4 13. Qd2 d4 14. Nb5
1-0

[Event "Standard for Masternorm (1800+)"]
[Site "SchemingMind.com"]
[Date "2019.01.22"]
[Round "-"]
[White "willyboy"]
[Black "Archon"]
[Result "0-1"]
[WhiteCountry "AUT"]
[BlackCountry "CAN"]
[WhiteElo "1924"]
[WhiteRD "66"]
[BlackElo "1894"]
[BlackRD "73"]
[GameID "437280"]

1. e4 d6 2. d4 Nf6 3. Nc3 g6 4. Nf3 Bg7 5. Be2 O-O 6. O-O e6 7. Qd3 Nc6 8. h3 e5 9. dxe5 dxe5 10. Be3 Qxd3
11. Bxd3 b6 12. a3 Bb7 13. Rad1 Rad8
0-1